[Event "Titled Tuesday intern op 16th Apr Early"]
[Site "Chess.com INT"]
[Date "2024.04.16"]
[Round "2"]
[White "Hristodoulou, Panagiotis"]
[Black "Schmakel, Sam A"]
[Result "1-0"]
[WhiteElo "2376"]
[BlackElo "2457"]
[PlyCount "49"]
[EventDate "2024.04.16"]
[EventType "swiss (blitz)"]
[EventRounds "11"]
[EventCountry "USA"]
[SourceTitle "CB17_2024"]
[SourceDate "2024.04.24"]
[SourceVersion "1"]
[SourceVersionDate "2024.04.24"]
[SourceQuality "1"]

1. e4 e5 2. Nf3 Nc6 3. Bc4 Bc5 4. 0-0 Nf6 5. d3 d6 6. c3 a6 7. Nbd2 Ba7 8. Re1 Ng4 9. Re2 0-0 10. h3 Nh6 11. Nf1 Kh8 12. Bxh6 gxh6 13. Ng3 f5 14. exf5 Bxf5 15. Nxf5 Rxf5 16. d4 exd4 17. Nxd4 Nxd4 18. cxd4 Qh4 19. Rd2 Rxf2 20. Rxf2 Bxd4 21. Qd2 Bxf2+ 22. Qxf2 Qxc4 23. Qf6+ Kg8 24. Rf1 Qe2 25. Rf3 1-0

[Event "Titled Tuesday intern op 16th Apr Early"]
[Site "Chess.com INT"]
[Date "2024.04.16"]
[Round "7"]
[White "Vakhlamov, Igor L"]
[Black "Hristodoulou, Panagiotis"]
[Result "1-0"]
[WhiteElo "2413"]
[BlackElo "2376"]
[PlyCount "64"]
[EventDate "2024.04.16"]
[EventType "swiss (blitz)"]
[EventRounds "11"]
[EventCountry "USA"]
[SourceTitle "CB17_2024"]
[SourceDate "2024.04.24"]
[SourceVersion "1"]
[SourceVersionDate "2024.04.24"]
[SourceQuality "1"]

1. e4 e5 2. Nf3 Nc6 3. Nc3 Nf6 4. Bb5 Bb4 5. Nd5 Bc5 6. 0-0 a6 7. Bc4 d6 8. c3 Nxd5 9. Bxd5 Ne7 10. Bb3 0-0 11. d4 exd4 12. cxd4 Bb6 13. h3 Be6 14. Bxe6 fxe6 15. Ng5 Qd7 16. Qg4 Rf6 17. d5 Ng6 18. Nxe6 Ne5 19. Qh4 Qb5 20. Bg5 Rg6 21. Nf4 Rf8 22. Nxg6 Nxg6 23. Qg3 Qxb2 24. Be3 Bxe3 25. Qxe3 Qe5 26. g3 Qf6 27. f4 h5 28. h4 Re8 29. Rae1 Ne7 30. Qf3 Qg6 31. f5 Qf6 32. Qxh5 Rf8 1-0

[Event "Titled Tuesday intern op 02nd Apr Early"]
[Site "Chess.com INT"]
[Date "2024.04.02"]
[Round "5"]
[White "Hristodoulou, Panagiotis"]
[Black "Balla, Tamas Kristof"]
[Result "1-0"]
[WhiteElo "2376"]
[BlackElo "2291"]
[PlyCount "165"]
[EventDate "2024.04.02"]
[EventType "swiss (blitz)"]
[EventRounds "11"]
[EventCountry "USA"]
[SourceTitle "CB15_2024"]
[SourceDate "2024.04.10"]
[SourceVersion "1"]
[SourceVersionDate "2024.04.10"]
[SourceQuality "1"]

1. e4 c5 2. Nf3 Nc6 3. d4 cxd4 4. Nxd4 e5 5. Nb5 d6 6. c4 Be7 7. Be3 f5 8. exf5 Bxf5 9. Bd3 Be6 10. N1c3 Nf6 11. 0-0 a6 12. Na3 0-0 13. Rc1 Qd7 14. Nc2 Rae8 15. Ne4 Ng4 16. h3 Nxe3 17. fxe3 Rxf1+ 18. Qxf1 Rf8 19. Qe2 Bf5 20. Rf1 Bd8 21. b3 Bb6 22. Ng3 Bxd3 23. Rxf8+ Kxf8 24. Qxd3 Kg8 25. Ne4 Bc7 26. Qd5+ Kh8 27. c5 Ne7 28. Qxb7 d5 29. Nd6 h6 30. Nb4 d4 31. exd4 exd4 32. Nd5 d3 33. Nxe7 d2 34. Qd5 Qxe7 35. Qxd2 Qh4 36. Qd5 Qe1+ 37. Kh2 Qc1 38. Qa8+ Kh7 39. Qe4+ Kh8 40. Qe5 Qc2 41. Nf7+ Kg8 42. Qxc7 Qxa2 43. Ne5 Qxb3 44. c6 Qe3 45. Qf7+ Kh8 46. Qf5 Qb6 47. Qe6 a5 48. Ng6+ Kh7 49. Nf4 a4 50. Nd5 Qa6 51. Qf5+ Kg8 52. c7 Qd6+ 53. Nf4 Qxc7 54. Kg3 a3 55. Qe6+ Kh8 56. Qe8+ Kh7 57. Qe4+ Kh8 58. Qa8+ Kh7 59. Qxa3 g5 60. Qd3+ Kh8 61. Qd4+ Kh7 62. Qe4+ Kh8 63. Kg4 gxf4 64. Qxf4 Qg7+ 65. Kf3 Qb7+ 66. Kg3 Qb3+ 67. Kh4 Qe6 68. g4 Kh7 69. Qf5+ Qxf5 70. gxf5 Kg7 71. Kg4 Kf6 72. Kf4 h5 73. h4 Kf7 74. Kg5 Kg7 75. Kxh5 Kf6 76. Kg4 Kf7 77. Kg5 Kg7 78. h5 Kf7 79. h6 Kg8 80. Kg6 Kh8 81. f6 Kg8 82. f7+ Kf8 83. h7 1-0

[Event "Titled Tuesday intern op 14th Nov Early"]
[Site "Chess.com INT"]
[Date "2023.11.14"]
[Round "5"]
[White "Aravindh, Chithambaram VR"]
[Black "Hristodoulou, Panagiotis"]
[Result "1-0"]
[WhiteElo "2638"]
[BlackElo "2370"]
[PlyCount "51"]
[EventDate "2023.11.14"]
[EventType "swiss (blitz)"]
[EventRounds "11"]
[EventCountry "USA"]
[SourceTitle "CB47_2023"]
[SourceDate "2023.11.22"]
[SourceVersion "1"]
[SourceVersionDate "2023.11.22"]
[SourceQuality "1"]

1. b3 d5 2. Bb2 Nf6 3. Nf3 c6 4. g3 Bg4 5. Bg2 Nbd7 6. 0-0 e6 7. c4 Be7 8. d3 0-0 9. Nbd2 Re8 10. Qc2 a5 11. e4 dxe4 12. dxe4 Nc5 13. Rad1 Qb6 14. e5 Bf5 15. Qc3 Nfe4 16. Qe3 Nxd2 17. Rxd2 Red8 18. Rd6 Rxd6 19. exd6 Bxd6 20. Bxg7 Kxg7 21. Qd4+ Kg8 22. Qxd6 Rd8 23. Qe7 Bg6 24. Ne5 Nd3 25. c5 Nxc5 26. Nc4 1-0

[Event "Heraklion Fischer Memorial 9th"]
[Site "Heraklion"]
[Date "2023.11.04"]
[Round "4"]
[White "Hristodoulou, Panagiotis"]
[Black "Kotsinis, Alexandros"]
[Result "1/2-1/2"]
[WhiteElo "2370"]
[BlackElo "2141"]
[PlyCount "163"]
[EventDate "2023.11.01"]
[EventType "tourn"]
[EventRounds "9"]
[EventCountry "GRE"]
[EventCategory "6"]
[SourceTitle "CB46_2023"]
[SourceDate "2023.11.15"]
[SourceVersion "1"]
[SourceVersionDate "2023.11.15"]
[SourceQuality "1"]

1. e4 e5 2. Nf3 Nc6 3. d4 exd4 4. Nxd4 Bc5 5. Nb3 Bb6 6. Nc3 Nf6 7. Qe2 0-0 8. Bg5 h6 9. Bh4 a5 10. a4 d6 11. 0-0-0 Nb4 12. e5 Re8 13. Ne4 Bf5 14. Nxf6+ gxf6 15. Qh5 Rxe5 16. Qxh6 Qf8 17. Qxf8+ Kxf8 18. Bd3 Nxd3+ 19. cxd3 Bd7 20. d4 Rf5 21. Rd3 Bxa4 22. Nd2 Bb5 23. Rf3 Rxf3 24. Nxf3 Re8 25. Bxf6 Re6 26. Bg5 Bc6 27. Be3 Rg6 28. Rd1 Rxg2 29. d5 Bxe3+ 30. fxe3 Bd7 31. Rd2 Rg4 32. Rc2 c5 33. dxc6 Bxc6 34. Nd4 Rg1+ 35. Kd2 Be4 36. Rc8+ Kg7 37. Ra8 Rg5 38. Rd8 Rd5 39. Re8 f5 40. h4 b5 41. Ke2 b4 42. Kf2 Kf7 43. Ra8 f4 44. Ke2 Kg6 45. Rf8 fxe3 46. Kxe3 Bb1 47. Ra8 Rh5 48. Ra6 Rxh4 49. Rxd6+ Kf7 50. Nf3 Rh3 51. Ra6 Bc2 52. Kf4 Rh5 53. Ng5+ Ke7 54. Rxa5 b3 55. Ke3 Rh1 56. Kd4 Rd1+ 57. Kc4 Rd2 58. Nf3 Rf2 59. Nd4 Rf4 60. Kc3 Bd1 61. Ra1 Bc2 62. Nxb3 Bxb3 63. Kxb3 Kd6 64. Rc1 Rf8 65. Rc2 Kd5 66. Ka4 Ra8+ 67. Kb5 Rb8+ 68. Ka5 Ra8+ 69. Kb6 Rb8+ 70. Ka7 Rb3 71. Ka6 Rb8 72. Ka5 Ra8+ 73. Kb4 Rb8+ 74. Ka4 Ra8+ 75. Kb3 Rb8+ 76. Ka2 Ra8+ 77. Kb1 Ra5 78. b3 Rc5 79. Rh2 Kc6 80. Kb2 Kb5 81. Ka3 Rg5 82. Rh4 1/2-1/2

[Event "Titled Tuesday intern op 12th Sep Late"]
[Site "Chess.com INT"]
[Date "2023.09.12"]
[Round "3"]
[White "Gao, Raymond"]
[Black "Hristodoulou, Panagiotis"]
[Result "1/2-1/2"]
[WhiteElo "2001"]
[BlackElo "2358"]
[PlyCount "103"]
[EventDate "2023.09.12"]
[EventType "swiss (blitz)"]
[EventRounds "11"]
[EventCountry "USA"]
[SourceTitle "EXT 2024"]
[Source "ChessBase"]
[SourceDate "2023.10.10"]
[SourceVersion "1"]
[SourceVersionDate "2023.10.10"]
[SourceQuality "1"]

1. Nf3 Nf6 2. d4 e6 3. c4 Bb4+ 4. Bd2 a5 5. g3 d6 6. Bg2 Nbd7 7. 0-0 e5 8. e3 Bxd2 9. Nfxd2 0-0 10. Nc3 exd4 11. exd4 c6 12. Nde4 Nxe4 13. Nxe4 Nf6 14. Re1 Bf5 15. Nxf6+ Qxf6 16. Qd2 Bg6 17. Re2 Rfe8 18. Rae1 Rxe2 19. Rxe2 h6 20. h3 Kh7 21. Qf4 Qxf4 22. gxf4 Bd3 23. Be4+ Bxe4 24. Rxe4 Kg6 25. Re7 b5 26. Rd7 bxc4 27. Rxd6+ Kf5 28. Rxc6 Rb8 29. Rxc4 Rxb2 30. Rc5+ Kxf4 31. Rxa5 Rd2 32. Ra7 f5 33. Kg2 g5 34. Ra4 Ke4 35. a3 h5 36. Ra5 Rxd4 37. Ra8 Kf4 38. a4 Rd2 39. a5 Ra2 40. a6 g4 41. hxg4 hxg4 42. a7 g3 43. Rg8 Rxa7 44. Rxg3 Ke4 45. Rb3 Rg7+ 46. Kf1 Kf4 47. Ke2 Rd7 48. Rb4+ Ke5 49. Rb5+ Kf6 50. Rb6+ Kg5 51. Rb4 Re7+ 52. Kf1 1/2-1/2

[Event "Titled Tuesday intern op 12th Sep Early"]
[Site "Chess.com INT"]
[Date "2023.09.12"]
[Round "8"]
[White "Goryachkina, Aleksandra"]
[Black "Hristodoulou, Panagiotis"]
[Result "0-1"]
[WhiteElo "2558"]
[BlackElo "2358"]
[PlyCount "54"]
[EventDate "2023.09.12"]
[EventType "swiss (blitz)"]
[EventRounds "11"]
[EventCountry "USA"]
[SourceTitle "EXT 2024"]
[Source "ChessBase"]
[SourceDate "2023.10.10"]
[SourceVersion "1"]
[SourceVersionDate "2023.10.10"]
[SourceQuality "1"]

1. e4 e5 2. Nc3 Nf6 3. d4 exd4 4. Qxd4 Nc6 5. Qd3 Bb4 6. Bd2 d6 7. 0-0-0 0-0 8. f3 Be6 9. g4 Ne5 10. Qe2 Bc4 11. Qg2 Bxf1 12. Qxf1 b5 13. Nxb5 Bxd2+ 14. Rxd2 Rb8 15. g5 Nh5 16. Nh3 f5 17. exf5 Qd7 18. Nd4 c5 19. Ne6 Rxf5 20. Nxc5 Qc6 21. Nb3 Rxf3 22. Qg2 Rxh3 23. Qxh3 Qxh1+ 24. Rd1 Qf3 25. Qe6+ Nf7 26. g6 hxg6 27. Qxg6 Nf4 0-1

[Event "Titled Tuesday intern op 05th Sep Early"]
[Site "Chess.com INT"]
[Date "2023.09.05"]
[Round "4"]
[White "Garcia Correa, Jose Ricardo"]
[Black "Hristodoulou, Panagiotis"]
[Result "0-1"]
[WhiteElo "2103"]
[BlackElo "2358"]
[PlyCount "74"]
[EventDate "2023.09.05"]
[EventType "swiss (blitz)"]
[EventRounds "11"]
[EventCountry "USA"]
[SourceTitle "EXT 2024"]
[Source "ChessBase"]
[SourceDate "2023.10.10"]
[SourceVersion "1"]
[SourceVersionDate "2023.10.10"]
[SourceQuality "1"]

1. e4 e5 2. Nf3 Nc6 3. Bb5 g6 4. 0-0 Bg7 5. c3 a6 6. Bc4 Nge7 7. d3 0-0 8. a4 d6 9. h3 h6 10. Be3 Kh7 11. Nbd2 f5 12. exf5 gxf5 13. Nb3 d5 14. Bxd5 Nxd5 15. c4 Nxe3 16. fxe3 e4 17. dxe4 fxe4 18. Nfd4 Nxd4 19. exd4 Rxf1+ 20. Qxf1 Bxd4+ 21. Nxd4 Qxd4+ 22. Kh1 Be6 23. Rd1 Qe5 24. b3 Rg8 25. Re1 c5 26. Qe2 Bf5 27. Qe3 Rd8 28. Qe2 Bg6 29. Qg4 e3 30. Qf3 Re8 31. Qxb7+ Re7 32. Qxa6 e2 33. Qa5 Qg3 34. Qd2 Qf2 35. a5 Be4 36. Rxe2 Bxg2+ 37. Kh2 Qxe2 0-1

[Event "Titled Tuesday intern op 05th Sep Early"]
[Site "Chess.com INT"]
[Date "2023.09.05"]
[Round "5"]
[White "Hristodoulou, Panagiotis"]
[Black "Drygalov, Sergey"]
[Result "0-1"]
[WhiteElo "2358"]
[BlackElo "2547"]
[PlyCount "86"]
[EventDate "2023.09.05"]
[EventType "swiss (blitz)"]
[EventRounds "11"]
[EventCountry "USA"]
[SourceTitle "EXT 2024"]
[Source "ChessBase"]
[SourceDate "2023.10.10"]
[SourceVersion "1"]
[SourceVersionDate "2023.10.10"]
[SourceQuality "1"]

1. e4 c6 2. d4 d5 3. e5 c5 4. dxc5 e6 5. a3 Bxc5 6. Nf3 Ne7 7. Bd3 Nbc6 8. b4 Bb6 9. 0-0 Ng6 10. Re1 0-0 11. Bb2 f6 12. exf6 gxf6 13. c4 dxc4 14. Bxc4 Qxd1 15. Rxd1 Kg7 16. Nc3 e5 17. Nd5 Bg4 18. Nxb6 axb6 19. Bd5 Nf4 20. Be4 Rad8 21. h3 Bh5 22. Rxd8 Rxd8 23. Bxc6 bxc6 24. Nxe5 Rd2 25. Nc4 Rc2 26. Nxb6 Rxb2 27. a4 Rxb4 28. a5 Ne6 29. Rc1 Be8 30. Re1 Kf7 31. Nc8 Bd7 32. Nd6+ Kg6 33. Ra1 Rb8 34. a6 Ra8 35. a7 Nd4 36. Kf1 c5 37. Ra5 Nc6 38. Rxc5 Rxa7 39. g3 Ne5 40. Kg2 Bc6+ 41. Kh2 Ra1 42. g4 Rh1+ 43. Kg3 Rg1+ 0-1

[Event "Titled Tuesday intern op 15th Aug Early"]
[Site "Chess.com INT"]
[Date "2023.08.15"]
[Round "6"]
[White "Hristodoulou, Panagiotis"]
[Black "Lach, Aleksandra"]
[Result "0-1"]
[WhiteElo "2358"]
[BlackElo "2184"]
[PlyCount "134"]
[EventDate "2023.08.15"]
[EventType "swiss (blitz)"]
[EventRounds "11"]
[EventCountry "USA"]
[SourceTitle "EXT 2024"]
[Source "ChessBase"]
[SourceDate "2023.10.10"]
[SourceVersion "1"]
[SourceVersionDate "2023.10.10"]
[SourceQuality "1"]

1. e4 c6 2. d4 d5 3. e5 Bf5 4. Nf3 e6 5. Be2 c5 6. 0-0 Nc6 7. Be3 cxd4 8. Bxd4 Be7 9. c4 dxc4 10. Nc3 Nh6 11. h3 0-0 12. Be3 Bd3 13. Bxh6 gxh6 14. Bxd3 Qxd3 15. Qc1 Qg6 16. Re1 Kh8 17. Re4 Rg8 18. Rg4 Qh5 19. Qf4 Rxg4 20. hxg4 Qg6 21. Rd1 Rg8 22. Rd7 h5 23. g5 h6 24. Rxb7 hxg5 25. Qe4 Qxe4 26. Nxe4 Rc8 27. Nexg5 Kg7 28. Ne4 Kf8 29. Kf1 a5 30. Ke2 Nb4 31. Nc3 Nd3 32. g3 Bb4 33. Na4 Be7 34. Nb6 Rd8 35. Nxc4 Nc1+ 36. Kf1 Rd1+ 37. Kg2 Nxa2 38. Nxa5 Nc1 39. Nc6 Bc5 40. Ng5 Rd2 41. Rxf7+ Ke8 42. Rf6 Nd3 43. Nxe6 Bxf2 44. Kf3 Bb6 45. Ke4 Nf2+ 46. Kf5 Ng4 47. Rf8+ Kd7 48. Nb8+ Ke7 49. Nc6+ Kd7 50. Ncd4 Bxd4 51. Rd8+ Ke7 52. Rxd4 Rf2+ 53. Nf4 Ne3+ 54. Kg5 Nf1 55. Rd3 Rxb2 56. Nxh5 Ke6 57. g4 Kxe5 58. Kh6 Rb6+ 59. Kg5 Rb8 60. Nf4 Rg8+ 61. Ng6+ Ke6 62. Kh6 Nh2 63. Rg3 Kf6 64. g5+ Kf5 65. Nh4+ Kf4 66. Rh3 Ng4+ 67. Kh5 Rxg5# 0-1

[Event "Titled Tuesday intern op 15th Aug Early"]
[Site "Chess.com INT"]
[Date "2023.08.15"]
[Round "3"]
[White "Hristodoulou, Panagiotis"]
[Black "Yanchenko, Roman"]
[Result "0-1"]
[WhiteElo "2358"]
[BlackElo "2466"]
[PlyCount "86"]
[EventDate "2023.08.15"]
[EventType "swiss (blitz)"]
[EventRounds "11"]
[EventCountry "USA"]
[SourceTitle "EXT 2024"]
[Source "ChessBase"]
[SourceDate "2023.10.10"]
[SourceVersion "1"]
[SourceVersionDate "2023.10.10"]
[SourceQuality "1"]

1. e4 e6 2. d4 d5 3. Nc3 Bb4 4. Nge2 Nf6 5. Bg5 h6 6. Bxf6 Qxf6 7. a3 Bxc3+ 8. Nxc3 dxe4 9. Nxe4 Qe7 10. Bd3 Nd7 11. 0-0 0-0 12. Re1 c5 13. dxc5 Nxc5 14. Nxc5 Qxc5 15. Qf3 Rb8 16. Rad1 b5 17. Qe4 f5 18. Qf4 Rb6 19. Re5 Qc7 20. Rde1 Qd6 21. Qb4 a6 22. g3 Qxb4 23. axb4 Kf7 24. Rc5 Rd6 25. f4 Rfd8 26. Re3 Bb7 27. Rc7+ R8d7 28. Rxd7+ Rxd7 29. Kf2 Kf6 30. h4 Bd5 31. Re1 Rd6 32. Ke3 e5 33. fxe5+ Kxe5 34. b3 g5 35. hxg5 hxg5 36. c4 Be4 37. Rd1 f4+ 38. gxf4+ gxf4+ 39. Ke2 f3+ 40. Ke3 f2 41. Kxf2 Rxd3 42. Rxd3 Bxd3 43. c5 Be4 0-1

[Event "Titled Tuesday intern op 08th Aug Late"]
[Site "Chess.com INT"]
[Date "2023.08.08"]
[Round "6"]
[White "Hristodoulou, Panagiotis"]
[Black "Arabidze, Meri"]
[Result "1-0"]
[WhiteElo "2358"]
[BlackElo "2447"]
[PlyCount "163"]
[EventDate "2023.08.08"]
[EventType "swiss (blitz)"]
[EventRounds "11"]
[EventCountry "USA"]
[SourceTitle "EXT 2024"]
[Source "ChessBase"]
[SourceDate "2023.10.10"]
[SourceVersion "1"]
[SourceVersionDate "2023.10.10"]
[SourceQuality "1"]

1. d4 d5 2. Nc3 e6 3. Bf4 Bd6 4. e3 a6 5. Nf3 Ne7 6. Bd3 Ng6 7. Bg3 Nd7 8. 0-0 Qe7 9. e4 Bxg3 10. hxg3 c6 11. Re1 h5 12. exd5 Ndf8 13. dxe6 Bxe6 14. d5 cxd5 15. Nxd5 Qc5 16. Bxg6 Nxg6 17. Qd4 Qxd4 18. Nxd4 0-0-0 19. Nxe6 Rxd5 20. Nf4 Nxf4 21. gxf4 Rhd8 22. Kf1 h4 23. Re3 Rd2 24. Rc1 f6 25. Rh3 g5 26. fxg5 fxg5 27. Ke1 R2d5 28. Rd3 Re5+ 29. Kd2 Rde8 30. Re3 Rxe3 31. fxe3 g4 32. Rh1 Rh8 33. Kd3 Kd7 34. Ke4 Ke6 35. Kf4 h3 36. Kxg4 hxg2 37. Rg1 Ke5 38. Kf3 Rh3+ 39. Kf2 Ke4 40. Rxg2 Rf3+ 41. Ke1 Kxe3 42. Rg7 b5 43. Re7+ Kd4 44. Kd2 Rf2+ 45. Re2 Rf6 46. Rh2 Rg6 47. Rh4+ Kc5 48. b3 a5 49. a3 Rg2+ 50. Kc3 Rg3+ 51. Kb2 Rg5 52. b4+ axb4 53. axb4+ Kd5 54. Kb3 Rg6 55. Rh5+ Kc6 56. Rc5+ Kb6 57. Rd5 Rf6 58. Kc3 Rf3+ 59. Rd3 Rf6 60. Re3 Rg6 61. Kd3 Rd6+ 62. Ke4 Rh6 63. c3 Rh4+ 64. Kd5 Rc4 65. Rh3 Kb7 66. Kd6 Kb6 67. Rg3 Rc6+ 68. Kd7 Rc4 69. Rd3 Kb7 70. Ke6 Kb6 71. Kd6 Rc6+ 72. Kd7 Rc4 73. Rd6+ Kb7 74. Rd5 Kb6 75. Rd3 Rc7+ 76. Ke6 Rc6+ 77. Rd6 Kc7 78. Rxc6+ Kxc6 79. Ke5 Kb6 80. Kd6 Kb7 81. Kc5 Ka6 82. Kc6 1-0

[Event "Titled Tuesday intern op 08th Aug Late"]
[Site "Chess.com INT"]
[Date "2023.08.08"]
[Round "3"]
[White "Hristodoulou, Panagiotis"]
[Black "Goltsev, Dmitry"]
[Result "1/2-1/2"]
[WhiteElo "2358"]
[BlackElo "2251"]
[PlyCount "130"]
[EventDate "2023.08.08"]
[EventType "swiss (blitz)"]
[EventRounds "11"]
[EventCountry "USA"]
[SourceTitle "EXT 2024"]
[Source "ChessBase"]
[SourceDate "2023.10.10"]
[SourceVersion "1"]
[SourceVersionDate "2023.10.10"]
[SourceQuality "1"]

1. d4 e6 2. Nf3 Nf6 3. Bg5 h6 4. Bh4 b6 5. e3 Bb7 6. Nbd2 d5 7. Bd3 Bd6 8. 0-0 Nbd7 9. c3 0-0 10. Qe2 c5 11. Ba6 Bxa6 12. Qxa6 Qc8 13. Qe2 e5 14. dxe5 Nxe5 15. Nxe5 Bxe5 16. Nf3 Qg4 17. Rad1 Rad8 18. h3 Qe6 19. Nxe5 Qxe5 20. Bxf6 Qxf6 21. Rd2 d4 22. cxd4 cxd4 23. Rfd1 dxe3 24. Qxe3 Rxd2 25. Qxd2 Re8 26. b3 Kh7 27. Kf1 Re7 28. Qd3+ g6 29. Qd6 Qg5 30. g3 Re6 31. Qd5 Qf6 32. h4 Qb2 33. Qd2 Qe5 34. Re1 Qb5+ 35. Kg2 Qc6+ 36. Kg1 Rxe1+ 37. Qxe1 Qd5 38. Qe7 a5 39. Qf6 Qb7 40. a4 Qc7 41. Kg2 Kg8 42. h5 gxh5 43. Qxh6 Qc5 44. Kh2 Qxf2+ 45. Kh3 Qf5+ 46. Kh2 Qc5 47. Qf6 Qc2+ 48. Kh3 Qc5 49. Kh4 Qd5 50. Qg5+ Qxg5+ 51. Kxg5 Kg7 52. Kxh5 Kf6 53. g4 Ke5 54. Kg5 Ke6 55. Kf4 Kf6 56. g5+ Ke6 57. Ke4 Kd6 58. Kd4 Ke7 59. Ke5 Kf8 60. Kf6 Ke8 61. Kf5 Kf8 62. Kf6 Ke8 63. Kf5 Ke7 64. Ke5 Kd7 65. Kf6 Ke8 1/2-1/2